000 00366 a2200157 4500
001 164637
020 _a
040 _cMagnum
100 _aBicudo, Helio
240 1 0 _aViolencia: o brasil cruel e sem maquiagem
_lpor
245 1 0 _aViolencia: o brasil cruel e sem maquiagem
362 0 _a1899
440 1 _aModerna
697 _aPROBLEMAS SOCIAIS
942 _cBK
999 _c164637
_d164637